000
00295nam a22001337a 4500
008
181101b xxu||||| |||| 00| 0 eng d
020
_a
0881335460
041
_a
eng
080
_a
316
100
_a
50
101
_a
SOC
245
_a
Social Work Ethic Day to Day
_c
Wells,C.C
942
_2
udc
_c
BK
999
_c
51442
_d
51442